000 00590nam a2200205Ii 4500
003 JO-AjNU
008 230605s9999||||xx |||||||||||||| ||und||
040 _aJO-AjNU
_bara
_erda
_cJO-AjNU
041 _aara
050 1 4 _aBP166.89 2013
100 3 _aالصوافي، إبراهيم بن ناصر,
_eauthor
_945130
245 0 0 _aأنقذوني من الوسواس
250 _aط1
264 3 1 _aد.م: د.ن، 2013
300 _a63ص
336 _atext
_btxt
_2rdacontent
337 _aunmediated
_bn
_2rdamedia
338 _avolume
_bnc
_2rdacarrier
650 4 _aالوسواس
_945131
999 _aA19540
_c23108
_d23108